| 000 | 00000nam##2200000za#4500 |
| 001 | 9.615157 |
| 003 | CaOODSP |
| 005 | 20200514165617 |
| 007 | ta |
| 008 | 150406|2000||||xxc||||| f|0| 0 eng|d |
| 020 | |a0-662-28892-0 |
| 040 | |aCaOODSP|beng |
| 043 | |an-cn--- |
| 086 | 1 |aNH18-22/99-119E |
| 110 | 2 |aCanada Mortgage and Housing Corporation. |
| 245 | 10|aPractical guidelines for designers, contractors, and developers on the installation of air leakage control measures in new and existing high-rise commercial buildings |
| 260 | |aOttawa - Ontario : |bCanada Mortgage and Housing Corporation |c2000. |
| 300 | |a4p. ; |c28 cm. |
| 490 | 1 |aResearch highlight. Technical series |v99-119 |
| 563 | |aLoose-leaf |
| 590 | |a00-19|b2000-05-12 |
| 690 | 07|aConstruction materials|2gcpds |
| 690 | 07|aCommercial buildings|2gcpds |
| 776 | 0#|tPractical guidelines for designers, contractors, and developers on the installation of air leakage control measures in new and existing high-rise commercial buildings |w(CaOODSP)9.572270 |
| 830 | #0|aResearch highlight. Technical series ;|v99-119|w(CaOODSP)9.514826 |
| 986 | |aNHA 2266 |